Countries That Visit Portugal The Most - Statistics

General Stats
  • This quiz has been taken 60 times
  • The average score is 13 of 16
Answer Stats
Tourists Country % Correct
1,623,207 France
100%
2,285,829 Spain
100%
2,145,902 United Kingdom
98%
1,541,398 Germany
96%
1,202,247 United States
96%
722,115 Italy
94%
380,896 Canada
88%
598,375 Netherlands
87%
1,281,675 Brazil
85%
325,799 Belgium
81%
385,307 China
77%
277,616 Poland
77%
304,867 Switzerland
75%
183,717 Sweden
69%
413,733 Ireland
67%
144,490 Denmark
54%
No matching quizzes found
Score Distribution
Percent of People with Each Score
Percentile by Number Answered
Your Score History
You have not taken this quiz